Miniatures persanes, turques et indiennes /

محفوظ في:

المؤلف الرئيسي: Ṣabrī, Sharīf, pasha, 1895- (مؤلف)

مؤلفون آخرون: Wiet, Gaston, 1887-1971.

التنسيق: كتاب

اللغة: French

منشور في: [Le Caire : Imprimerie de l'Institut français d'archéologie orientale, 1943].

سلاسل: Memoires de l'Institut d'Egypte ; 47.
MIE ; 47.

الموضوعات:

الوسوم: إضافة وسم

لا توجد وسوم, كن أول من يضع وسما على هذه التسجيلة!

رقم الطلب: DT43 .I625 v.47

LEADER 01237namaa2200325 4500
001 18880
003 OSt
005 20260317102158.0
008 130303s1943 ua af c 000 0 fre d
010 |a 44043438 
040 |c ARCE Library 
043 |a a-ii---   |a a-tu---  |a a-ir--- 
050 4 |a DT43 .I625 v.47 
100 1 |a Ṣabrī, Sharīf,  |c pasha,   |d 1895-,   |e author 
245 1 0 |a Miniatures persanes, turques et indiennes /  |c Sharīf Ṣabrī, pasha ; Gaston Wiet. 
264 1 |a [Le Caire :  |b Imprimerie de l'Institut français d'archéologie orientale,  |c 1943]. 
300 |a xiii, 183 pages, 70 pages of plates :   |b illustrations ;   |c 28 cm.  
490 1 |a Memoires de l'Institut d'Egypte ;   |v 47. 
490 1 |a MIE ;   |v 47. 
500 |a At head of title : Gaston Wiet.  
650 0 |a Illumination of books and manuscripts  |z Iraq   |v Catalogs. 
650 0 |a Illumination of books and manuscripts  |z Turkey  |v Catalogs. 
650 0 |a Illumination of books and manuscripts  |z Iran  |v Catalogs. 
650 0 |a Illumination of books and manuscripts  |z India  |v Catalogs. 
700 1 |a Wiet, Gaston,  |d 1887-1971. 
830 0 |a Memoires de l'Institut d'Egypte ;   |v 47. 
830 0 |a MIE ;   |v 47. 
901 |a reviewed 
942 |c BK  |2 lcc 
999 |c 15946  |d 15946